|
|
|
|
| LEADER |
00000nam0a2200000 4500 |
| 001 |
54309 |
| 005 |
20231101211459.0 |
| 035 |
|
|
|a (RuTPU)RU\TPU\book\56924
|
| 090 |
|
|
|a 54309
|
| 100 |
|
|
|a 20030703d1960 km y0rusy50 ca
|
| 101 |
0 |
|
|a rus
|
| 102 |
|
|
|a UA
|
| 105 |
|
|
|a a z 001zy
|
| 200 |
1 |
|
|a Расчет магнитных усилителей
|f Н. А. Калужников
|
| 210 |
|
|
|a Харьков
|c Изд-во Харьковского ун-та
|d 1960
|
| 215 |
|
|
|a 354 с.
|c ил.
|
| 320 |
|
|
|a Библиогр.: с. 351-353.
|
| 606 |
1 |
|
|a Усилители магнитные
|x Расчет
|2 stltpush
|3 (RuTPU)RU\TPU\subj\63296
|9 80326
|
| 610 |
1 |
|
|a цепи переменного тока
|
| 610 |
1 |
|
|a схемы
|
| 610 |
1 |
|
|a обратная связь
|
| 610 |
1 |
|
|a конструкции
|
| 610 |
1 |
|
|a применение
|
| 675 |
|
|
|a 621.375.3.001
|v 3
|
| 700 |
|
1 |
|a Калужников
|b Н. А.
|g Николай Анатольевич
|
| 801 |
|
1 |
|a RU
|b 63413507
|c 20030703
|g PSBO
|
| 801 |
|
2 |
|a RU
|b 63413507
|c 20150508
|g PSBO
|
| 942 |
|
|
|c BK
|